• 首页
  • 本馆介绍
  • 公告通知
  • 最新文献
  • 馆藏检索
  • 电子资源
  • 读者导购
  • 参考咨询
  • 我的图书馆
  • 登录
  • 详细信息显示
  • 放入我的书架
  • 预约/预借图书
  • 作者相关作品
  • 分类相关作品
  • 丛书相关作品
  • 出版社相关作品

书目信息

  • 表格格式
  • 工作单格式
  • 卡片格式
题名:
水电工程设计概算费用标准
    
 
作者: 水电水利规划设计总院 颁布
分册:  
出版信息: 北京   中国电力出版社  2008.06
页数: 22页
开本: 21cm
丛书名:
单 册:
中图分类: TV512
科图分类:
主题词: 水利工程--工程费--概算
电子资源:
ISBN: 978-7-5083-7376-8
000 00715nam0 2200193 450
001 0855757258
005 20081219083757.28
010    @a978-7-5083-7376-8@dCNY10.00
100    @a20081218d2008 km y0chiy0120 ea
101 0  @achi
200 1  @a水电工程设计概算费用标准@Ashui dian gong cheng she ji gai suan fei yong biao zhun@e2007年版@f水电水利规划设计总院颁布@Fshui dian shui li gui hua she ji zong yuan ban bu
210    @a北京@c中国电力出版社@d2008.06
215    @a22页@d21cm
517 1  @a2007年版@A2007 nian ban
606 0  @a水利工程@x工程费@x概算
690    @aTV512@v4
701  0 @a水电水利规划设计总院@Ashui dian shui li gui hua she ji zong yuan@4颁布
801  0 @aCN@bNISOFT@c20081219
905    @aBZT@dTV512@e1@f5
    
    水电工程设计概算费用标准:2007年版/水电水利规划设计总院颁布.-北京:中国电力出版社,2008.06
    22页;21cm
    
    
    ISBN 978-7-5083-7376-8:CNY10.00
    
●
相关链接 在五车中查询图书 在当当中查询图书 在豆瓣中查询图书


正题名:水电工程设计概算费用标准     索取号:TV512/1         预约/预借

序号 登录号 条形码 馆藏地/架位号 状态 备注
1 0692017   2000692017   样本书库/样004架B面4层2列/ [索取号:TV512/1] 在馆    
2 0692019   2000692019   中心书库中库/ 中库022架B面7列5层23/ [索取号:TV512/1] 在馆    
3 0692020   2000692020   中心书库中库/ 中库022架B面7列5层22/ [索取号:TV512/1] 在馆    
4 0692021   2000692021   中心书库中库/ 中库022架B面7列5层21/ [索取号:TV512/1] 在馆    
山东省滨州职业学院图书馆 欢迎您!
大连网信软件有限公司© 版权所有